| 000 | 00507nas a2200181 a 4500 | ||
|---|---|---|---|
| 001 | 000037152 | ||
| 003 | DLC | ||
| 005 | 20240917122343.0 | ||
| 008 | 120220c19469999dr ur1pdd 0 0spa d | ||
| 040 |
_aDO-SdBNP _bspa _cDO-SdBNP _erda |
||
| 043 | _anwdr | ||
| 245 | 0 | 0 | _aBoletin del hospital Padre Billini. |
| 260 |
_aCiudad Trujillo, República Dominicana : _bMontalvo, _c1946. |
||
| 300 |
_av. ; _c23 cm. |
||
| 362 | _avol. 1, No. III, 1946 | ||
| 651 | 4 |
_aRepública Dominicana _910483 |
|
| 942 |
_2ddc _cISSUE |
||
| 999 |
_c36642 _d36642 |
||